000 01920cam a22002537a 4500
003 MX-MxUPN
005 20240417152207.0
008 230817s1998 mx|a|||f |||| 100 0 spa d
040 _aMX-MxUPN
_bspa
050 4 _aL107
_bE536 1998
111 _949928
_aEncuentro Nacional "Memoria de una experiencia docente"
_n(2° :
_d1998 :
_cBenemérita Escuela Nacional de Maestros)
245 _a2° Encuentro "Memoria de una Experiencia Docente" :
_btrabajos presentados
260 _aMéxico, D.F.:
_bSecretaría de Educación Pública,
_c1998
300 _a8 volúmenes
500 _aEn la portada: 26, 27 y 28 de marzo de 1998, Benemérita Escuela Nacional de Maestros.
500 _aLa biblioteca tiene los volúmenes 2, 4 y 6.
505 _gv.1.
_tAlumnos con necesidades educativas especiales ; Participación de los padres de familia en la educación. --
_gv.2.
_tEl juego y su importancia como elemento integrador y reforzador de actitudes, valores y aprendizajes ; Aprovechamiento de espacios como escenarios de interacción ; La actividad física en el proceso educativo. --
_gv.3.
_tConstrucción y fortalecimiento de hábitos y valores. --
_gv.4.
_tUtilización de los medios de comunicación en la escuela ; Educación artística y actividades tecnológicas en el proceso de enseñanza-aprendizaje. --
_gv.5.
_tInnovaciones educativas. --
_gv.6.
_tEstrategias para desarrollar los procesos de lectura y escritura ; Sugerencias didácticas. --
_gv.7.
_tDesarrollo de conocimientos, creatividad y actitudes positivas de los alumnos. --
_gv.8.
_tPlaneación evaluación del trabajo escolar.
650 4 _948937
_aMaestros
_vCongresos
650 4 _aMedios masivos de comunicación en la educación
_vCongresos
_949932
650 4 _aArte
_xEstudio y enseñanza
_vCongresos
_949933
650 4 _aEducación tecnológica
_vCongresos
_949934
902 _aLC17082023
_bVíctorGodínez/110923
942 _2lcc
_cLIBRO
999 _c210080
_d210080